ENGLISH LITERATURE ITS HISTORY (Record no. 19575)

MARC details
000 -LEADER
fixed length control field 00351nam a22001577a 4500
003 - CONTROL NUMBER IDENTIFIER
control field SGT
020 ## - INTERNATIONAL STANDARD BOOK NUMBER
International Standard Book Number 9788129135407
082 ## - DEWEY DECIMAL CLASSIFICATION NUMBER
Classification number 820.9,LON
100 ## - MAIN ENTRY--PERSONAL NAME
Personal name LONG, WILLIAM J.
245 ## - TITLE STATEMENT
Title ENGLISH LITERATURE ITS HISTORY
250 ## - EDITION STATEMENT
Edition statement 4TH
260 ## - PUBLICATION, DISTRIBUTION, ETC. (IMPRINT)
Place of publication, distribution, etc NEW DELHI
Name of publisher, distributor, etc RUPA PUBLICATION
Year of Publication 2019
300 ## - PAGE DESCRIPTION
No. of Pages 639
650 ## - SUBJECT ADDED ENTRY--TOPICAL TERM
Topical term or geographic name as entry element ENGLISH
942 ## - ADDED ENTRY ELEMENTS (KOHA)
Source of classification or shelving scheme Dewey Decimal Classification
Koha item type Books
942 ## - ADDED ENTRY ELEMENTS (KOHA)
-- 3
Holdings
Withdrawn status Lost status Source of classification or shelving scheme Damaged status Not for loan Collection code Home library Current library Shelving location Date acquired Vendor Name Cost, normal purchase price SGTU Bill Number Total Checkouts Full call number Accession No. (Barcode) Date last seen Date last borrowed Bill Date Koha item type
    Dewey Decimal Classification     ENGINEERING SGT Engineering Library SGT Engineering Library Text Book 23/12/2019 ONS BOOK 395.00 SGTU ONS/SGT01-19-20-287 19 820.9,LON FE7817 08/08/2025 14/07/2025 21/11/201 Books
    Dewey Decimal Classification     ENGINEERING SGT Engineering Library SGT Engineering Library Text Book 23/12/2019 ONS BOOK 395.00 SGTU ONS SGT-287 7 820.9,LON FE7818 29/04/2025 29/04/2025 21/11/2019 Books
    Dewey Decimal Classification     ENGINEERING SGT Engineering Library SGT Engineering Library Text Book 23/12/2019 ONS BOOK 395.00 SGTU ONS/SGT01-19-20-287 3 820.9,LON FE7819 14/05/2025 01/05/2025 21/11/2019 Books
    Dewey Decimal Classification     ENGINEERING SGT Engineering Library SGT Engineering Library Text Book 23/12/2019 ONS BOOK 395.00 SGTU ONS/SGT01-19-20-287 6 820.9,LON FE7820 16/05/2025 05/05/2025 19/11/2021 Books
    Dewey Decimal Classification     ENGINEERING SGT Engineering Library SGT Engineering Library Text Book 23/12/2019 ONS BOOK 395.00 SGTU ONS/SGT01-19-20 -287 12 820.9,LON FE7821 27/05/2025 13/05/2025 19/11/2021 Books